000 00890nam a2200325 a 4500
003 AR-BaBNM
005 20251128204720.0
008 082120s2002 ||||||||||||||000 | spa||
020 _a84-7043-745-3
040 _cAR-BaBNM
100 1 _aBosello, Anselmo P.
245 0 0 _aEscuela y valores
_bla educación moral
250 _a2ª ed.
260 _aMadrid
_bCCS
_c1995
300 _a152 p.
490 0 _aEducar
_vv. 2
500 _aContiene índice bibliográfico en p. 149-150
600 0 4 _aKohlberg
650 4 _aEDUCACION MORAL
650 4 _aPSICOLOGIA DE LA EDUCACION
650 4 _aSOCIOLOGIA DE LA EDUCACION
650 4 _aADOLESCENTES
650 4 _aALUMNOS DE PRIMARIA
650 4 _aFORMACION DE CONCEPTOS
650 4 _aTEORIAS DEL APRENDIZAJE
650 4 _aPLANIFICADORES DE LA EDUCACION
653 _aCONTENIDOS CURRICULARES
942 _cBK
998 _cGLORIA
999 _c8541
_d8541